Państwa położone najbliżej Perth - Statystyki

Ogólne statystyki
  • Ten quiz został rozwiązany 3 119 razy
  • Średni wynik to 15 z 20
Statystyki odpowiedzi
km Państwo % Poprawnych
4 558 Nowa Zelandia
97%
2 440 Indonezja
95%
3 689 Malezja
88%
3 627 Papua-Nowa Gwinea
87%
4 448 Tajlandia
84%
4 896 Indie
83%
4 621 Wietnam
83%
3 905 Singapur
82%
5 206 Laos
81%
4 089 Filipiny
80%
4 861 Kambodża
80%
2 642 Timor Wschodni
80%
5 014 Mjanma
77%
4 002 Brunei
73%
5 170 Mikronezja
71%
4 210 Palau
71%
4 925 Wyspy Salomona
71%
3 526 Francja
Nowy Amsterdam
57%
5 247 Wielka Brytania
Diego Garcia
54%
5 363 Mauritius
31%
Nie znaleziono quizów pasujących do podanych kryteriów
Rozkład punktacji
Procent ludzi z każdym wynikiem
Percentyl według liczby udzielonych odpowiedzi
Twoja historia wyników
Nie rozwiązałeś tego quizu